[Event "Corsica Masters rap 14th"]
[Site "Bastia"]
[Date "2010.10.29"]
[Round "2.1"]
[White "Radjabov, Teimour"]
[Black "David, Alberto"]
[Result "1-0"]
[WhiteElo "2748"]
[BlackElo "2589"]
[PlyCount "73"]
[EventDate "2010.10.29"]
[EventType "k.o. (rapid)"]
[EventRounds "4"]
[EventCountry "FRA"]
[SourceTitle "EXT 2011"]
[Source "ChessBase"]
[SourceDate "2010.11.26"]
[SourceVersion "1"]
[SourceVersionDate "2010.11.26"]
[SourceQuality "1"]

1. e4 c5 2. Nf3 e6 3. d4 cxd4 4. Nxd4 a6 5. c4 Nf6 6. Nc3 Bb4 7. Bd3 Nc6 8. a3
Bxc3+ 9. bxc3 Ne5 10. O-O d6 11. f4 Nxd3 12. Qxd3 e5 13. fxe5 dxe5 14. Bg5 h6
15. Bh4 exd4 16. e5 dxc3 17. Qxd8+ Kxd8 18. exf6 g5 19. Rad1+ Bd7 20. Bg3 Re8
21. Rd3 c2 22. Rd2 Re6 23. Rxc2 Ke8 24. Rd2 Rc8 25. c5 Bb5 26. Rf5 b6 27. a4
Bxa4 28. Bd6 Bd7 29. Rfd5 Rxf6 30. Be5 Re6 31. cxb6 Rc1+ 32. Kf2 Bc6 33. Rd8+
Ke7 34. Bb2 Rc4 35. g3 Ra4 36. b7 Bxb7 37. R2d7# 1-0

[Event "Corsica Masters rap 14th"]
[Site "Bastia"]
[Date "2010.10.30"]
[Round "3.2"]
[White "Balogh, Csaba"]
[Black "Radjabov, Teimour"]
[Result "1/2-1/2"]
[WhiteElo "2608"]
[BlackElo "2748"]
[PlyCount "48"]
[EventDate "2010.10.29"]
[EventType "k.o. (rapid)"]
[EventRounds "4"]
[EventCountry "FRA"]
[SourceTitle "EXT 2011"]
[Source "ChessBase"]
[SourceDate "2010.11.26"]
[SourceVersion "1"]
[SourceVersionDate "2010.11.26"]
[SourceQuality "1"]

1. e4 c5 2. Nf3 Nc6 3. d4 cxd4 4. Nxd4 e5 5. Nb5 d6 6. N1c3 a6 7. Na3 Be7 8.
Nc4 Nf6 9. Bg5 O-O 10. Bxf6 Bxf6 11. Qxd6 Be6 12. Nd5 Bg5 13. Qxd8 Raxd8 14.
Ncb6 Rd6 15. Nc4 Rdd8 16. Ncb6 Rd6 17. c3 g6 18. Rd1 Kg7 19. Bc4 Bd8 20. Bb3 f5
21. Nc4 Rd7 22. Ncb6 Rd6 23. Nc4 Rd7 24. Ncb6 Rd6 1/2-1/2

[Event "Corsica Masters rap 14th"]
[Site "Bastia"]
[Date "2010.10.30"]
[Round "3.4"]
[White "Radjabov, Teimour"]
[Black "Balogh, Csaba"]
[Result "1-0"]
[WhiteElo "2748"]
[BlackElo "2608"]
[PlyCount "87"]
[EventDate "2010.10.29"]
[EventType "k.o. (rapid)"]
[EventRounds "4"]
[EventCountry "FRA"]
[SourceTitle "EXT 2011"]
[Source "ChessBase"]
[SourceDate "2010.11.26"]
[SourceVersion "1"]
[SourceVersionDate "2010.11.26"]
[SourceQuality "1"]

1. d4 d5 2. c4 e6 3. Nf3 Nf6 4. Nc3 Bb4 5. Bg5 h6 6. Bxf6 Qxf6 7. e3 c6 8. Bd3
Nd7 9. O-O O-O 10. a3 Bd6 11. e4 dxc4 12. e5 Qf4 13. Ne2 Qg4 14. h3 Qxf3 15.
gxf3 cxd3 16. Qxd3 Be7 17. f4 Nb6 18. Kh2 f5 19. Nc3 Bd7 20. Rg1 Rad8 21. Rg6
Rf7 22. Rag1 Bh4 23. Qf3 Kf8 24. Qg2 Ke7 25. Rxg7 Rdf8 26. Qf3 Be8 27. R1g2 Nc4
28. Qe2 Nb6 29. Qh5 Bxf2 30. Qxh6 Be3 31. Rxf7+ Rxf7 32. Re2 Bxd4 33. Qh4+ Kf8
34. Qh8+ Ke7 35. Qh4+ Kd7 36. Rd2 c5 37. Ne2 Nc4 38. Rd3 Nxb2 39. Rb3 Nd1 40.
Rxb7+ Kc6 41. Rxf7 Bxf7 42. Qe7 Bh5 43. Nxd4+ cxd4 44. Qd6+ 1-0

[Event "Wch Blitz 5th"]
[Site "Moscow"]
[Date "2010.11.16"]
[Round "2"]
[White "Mamedov, Rauf"]
[Black "Radjabov, Teimour"]
[Result "0-1"]
[WhiteElo "2660"]
[BlackElo "2744"]
[PlyCount "138"]
[EventDate "2010.11.16"]
[EventType "tourn (blitz)"]
[EventRounds "38"]
[EventCountry "RUS"]
[EventCategory "20"]
[SourceTitle "EXT 2011"]
[Source "ChessBase"]
[SourceDate "2010.11.26"]
[SourceVersion "1"]
[SourceVersionDate "2010.11.26"]
[SourceQuality "1"]

1. e4 c5 2. c3 d5 3. exd5 Qxd5 4. d4 g6 5. Nf3 Bg7 6. Be3 Nf6 7. Bd3 O-O 8. O-O
Bg4 9. Be2 cxd4 10. cxd4 Nc6 11. Nc3 Qd8 12. h3 Bf5 13. Qb3 Na5 14. Qa4 Nd5 15.
Nxd5 Qxd5 16. Rac1 Rac8 17. Nd2 Nc6 18. Bf3 Qd7 19. d5 Nd4 20. Qxd7 Bxd7 21. b3
Bb5 22. Rfe1 Nc2 23. Red1 Bb2 24. Rb1 Nxe3 25. fxe3 Ba3 26. Nc4 Bc5 27. Kf2 b6
28. Rbc1 f6 29. Ke2 Rfd8 30. h4 a5 31. h5 Kg7 32. e4 a4 33. Bg4 Ra8 34. Rc2
axb3 35. axb3 Ra3 36. Rd3 Ra1 37. Rd1 Rda8 38. Rxa1 Rxa1 39. hxg6 hxg6 40. Kd2
Rb1 41. Kc3 Ba6 42. Rb2 Rc1+ 43. Rc2 Re1 44. Bf3 b5 45. Nb2 Bd6 46. Nd3 Ra1 47.
b4 Bc8 48. Nc5 g5 49. Kb2 Ra7 50. Be2 Be5+ 51. Kb3 Ra1 52. Bxb5 Rb1+ 53. Kc4
Bg4 54. Ne6+ Kf7 55. Ra2 Rc1+ 56. Kd3 Rc3+ 57. Kd2 Rg3 58. Ra8 Rxg2+ 59. Kc1
Bxe6 60. Be8+ Kg7 61. dxe6 g4 62. Bf7 g3 63. Rg8+ Kh7 64. Kd1 Rb2 65. Rg4 g2
66. Rh4+ Kg7 67. Rg4+ Kh6 68. Kc1 Rf2 69. Rg6+ Kh7 0-1

[Event "Wch Blitz 5th"]
[Site "Moscow"]
[Date "2010.11.16"]
[Round "4"]
[White "Andreikin, Dmitry"]
[Black "Radjabov, Teimour"]
[Result "0-1"]
[WhiteElo "2683"]
[BlackElo "2744"]
[PlyCount "51"]
[EventDate "2010.11.16"]
[EventType "tourn (blitz)"]
[EventRounds "38"]
[EventCountry "RUS"]
[EventCategory "20"]
[SourceTitle "EXT 2011"]
[Source "ChessBase"]
[SourceDate "2010.11.26"]
[SourceVersion "1"]
[SourceVersionDate "2010.11.26"]
[SourceQuality "1"]

1. c4 g6 2. d4 Nf6 3. Nc3 Bg7 4. e4 d6 5. Nf3 O-O 6. h3 e5 7. d5 Nh5 8. Nh2 Qe8
9. Be2 Nf4 10. Bf3 f5 11. g3 Nxh3 12. Bg2 fxe4 13. Nxe4 Bf5 14. Be3 Na6 15. Qd2
Nf4 16. Bf3 Nb4 17. O-O Nbd3 18. gxf4 exf4 19. Qxd3 fxe3 20. Qxe3 Bxb2 21. Rab1
Be5 22. Rxb7 Bxe4 23. Bxe4 Rf4 24. f3 Qc8 25. Rfb1 Qh3 26. Rxc7 0-1

[Event "Wch Blitz 5th"]
[Site "Moscow"]
[Date "2010.11.16"]
[Round "6"]
[White "Nepomniachtchi, Ian"]
[Black "Radjabov, Teimour"]
[Result "0-1"]
[WhiteElo "2720"]
[BlackElo "2744"]
[PlyCount "88"]
[EventDate "2010.11.16"]
[EventType "tourn (blitz)"]
[EventRounds "38"]
[EventCountry "RUS"]
[EventCategory "20"]
[SourceTitle "EXT 2011"]
[Source "ChessBase"]
[SourceDate "2010.11.26"]
[SourceVersion "1"]
[SourceVersionDate "2010.11.26"]
[SourceQuality "1"]

1. e4 c5 2. Nf3 Nc6 3. d4 cxd4 4. Nxd4 e5 5. Nb5 d6 6. N1c3 a6 7. Na3 Be7 8.
Nc4 b5 9. Ne3 Nf6 10. Bd3 O-O 11. O-O Be6 12. a4 b4 13. Ncd5 a5 14. Re1 Rc8 15.
c3 bxc3 16. bxc3 Bxd5 17. exd5 Nb8 18. c4 g6 19. Rb1 Nbd7 20. Rb5 Nc5 21. Bf1
Nfd7 22. Bd2 Ra8 23. Nc2 Nxa4 24. Nd4 exd4 25. Qxa4 Nc5 26. Qa3 a4 27. Bb4 Qd7
28. Rd1 Nb3 29. Bd3 Rfc8 30. h3 Qc7 31. Rb1 Bf8 32. g3 Rcb8 33. Kg2 Qb7 34. Be2
d3 35. Bf3 Qxb5 36. Bc3 Qxc4 37. Bf6 d2 38. Qb2 Rc8 39. Qa3 Qd3 40. Qb2 Qc4 41.
Qa3 Qc1 42. Qa2 Rc2 43. Bb2 a3 44. Bxc1 Rxa2 0-1

[Event "Wch Blitz 5th"]
[Site "Moscow"]
[Date "2010.11.17"]
[Round "25"]
[White "Radjabov, Teimour"]
[Black "Nepomniachtchi, Ian"]
[Result "1-0"]
[WhiteElo "2744"]
[BlackElo "2720"]
[PlyCount "129"]
[EventDate "2010.11.16"]
[EventType "tourn (blitz)"]
[EventRounds "38"]
[EventCountry "RUS"]
[EventCategory "20"]
[SourceTitle "EXT 2011"]
[Source "ChessBase"]
[SourceDate "2010.11.26"]
[SourceVersion "1"]
[SourceVersionDate "2010.11.26"]
[SourceQuality "1"]

1. d4 Nf6 2. c4 g6 3. Nc3 d5 4. cxd5 Nxd5 5. e4 Nxc3 6. bxc3 Bg7 7. Be3 c5 8.
Qd2 Qa5 9. Rc1 O-O 10. Nf3 Nd7 11. Bd3 e5 12. Bc4 Nf6 13. dxe5 Nxe4 14. Qc2 Bf5
15. Bd3 Nxf2 16. Kxf2 Bxd3 17. Qxd3 Qxa2+ 18. Rc2 Qa5 19. Rb1 Qc7 20. Qd6 Qxd6
21. exd6 b6 22. c4 Rfd8 23. Rd2 Rd7 24. Bf4 f6 25. h4 Rad8 26. g4 h6 27. Bg3
Bf8 28. Kg2 g5 29. Rf1 Re8 30. Re1 Red8 31. h5 Kf7 32. Ra1 Re8 33. Rda2 a5 34.
Rb2 Re4 35. Rxb6 Rxg4 36. Kf2 Rxc4 37. Rxa5 Rb4 38. Rc6 Rb2+ 39. Kf1 Rb3 40.
Kg2 Rb2+ 41. Kh3 Rb3 42. Rc7 Ke6 43. Rxd7 Kxd7 44. Ra7+ Ke6 45. d7 Be7 46. Kg2
Rd3 47. Ra8 Rxd7 48. Rh8 c4 49. Rc8 Kd5 50. Nd2 f5 51. Nxc4 f4 52. Nb6+ Ke6 53.
Nxd7 Kxd7 54. Rh8 fxg3 55. Rxh6 Ke8 56. Kxg3 Kf7 57. Rg6 Ba3 58. Kg4 Bc1 59.
Kf5 Bb2 60. h6 Ba1 61. Rxg5 Bb2 62. Rg6 Bc3 63. Rc6 Bb2 64. Rc7+ Kg8 65. Ke4
1-0

[Event "Candidates Tournament"]
[Site "Kazan"]
[Date "2011.05.05"]
[Round "1.1"]
[White "Radjabov, Teimour"]
[Black "Kramnik, Vladimir"]
[Result "1/2-1/2"]
[WhiteElo "2744"]
[BlackElo "2785"]
[Annotator "Marin,M"]
[PlyCount "49"]
[EventDate "2011.05.05"]
[EventType "k.o."]
[EventRounds "3"]
[EventCountry "RUS"]
[SourceTitle "CBM 143"]
[Source "ChessBase"]
[SourceDate "2011.07.15"]
[SourceVersion "1"]
[SourceVersionDate "2011.07.15"]
[SourceQuality "1"]

1. d4 Nf6 2. c4 e6 3. Nf3 d5 4. Nc3 Be7 5. Bg5 h6 6. Bh4 O-O 7. e3 Ne4 8. Bxe7
Qxe7 9. Rc1 c6 10. Be2 Nd7 11. O-O Nxc3 12. Rxc3 dxc4 13. Rxc4 (13. Bxc4 b6 {
Topalov,V (2805)-Anand,V (2787)/Sofia 2010/CBM 136/[Giri,Anish] (0-1, 56)})
13... e5 14. Qc2 exd4 15. Nxd4 Nb6 16. Rc5 Rd8 $5 $146 ({This looks more
active than} 16... Nd7 17. Ra5 {Ivanchuk,V (2779)-Carlsen,M (2776)/Linares
2009/CBM 129 (1/2, 22)}) 17. Bf3 Be6 18. Rc1 ({After} 18. Nxe6 Qxe6 {, the
superior major piece activity at least compensates for the theoretical
advantage of a bishop over a knight in open positions.}) 18... Bd5 $11 {
Black has completed his development and neutralised White's queenside pressure.
} 19. a3 Nd7 20. Rc3 Nf6 21. Bxd5 Rxd5 22. Rc4 Re8 23. h3 Ne4 24. b4 a5 25. Rb1
1/2-1/2

[Event "Candidates Tournament"]
[Site "Kazan"]
[Date "2011.05.06"]
[Round "1.2"]
[White "Kramnik, Vladimir"]
[Black "Radjabov, Teimour"]
[Result "1/2-1/2"]
[WhiteElo "2785"]
[BlackElo "2744"]
[Annotator "Marin,M"]
[PlyCount "122"]
[EventDate "2011.05.05"]
[EventType "k.o."]
[EventRounds "3"]
[EventCountry "RUS"]
[SourceTitle "CBM 143"]
[Source "ChessBase"]
[SourceDate "2011.07.15"]
[SourceVersion "1"]
[SourceVersionDate "2011.07.15"]
[SourceQuality "1"]

1. d4 d5 2. c4 e6 3. Nf3 Be7 4. g3 Nf6 5. Bg2 O-O 6. O-O dxc4 7. Qa4 $5 {
An interesting nuance.} ({In recent games, White has failed to obtain an
advantage after} 7. Qc2 b5 $5 {(a move that had been considered "impossible"
for many decades).}) 7... a6 {The only limitation for White is that 8.a4 is
not possible anymore, but Kramnik is a specialist of 8.Qxc4 anyway.} 8. Qxc4 b5
9. Qc2 Bb7 10. Bd2 Be4 11. Qc1 Bb7 12. Qc2 Be4 13. Qc1 Bb7 14. Bf4 Nd5 15. Rd1
$5 {A rare move, probably intended to maintain White's flexibility.} ({Against
the more popular} 15. Nc3 {Black's safest answer is} Nxf4 16. Qxf4 Qd6 {
, a move introduced by Karpov decades ago. Kramnik also seems to trust it,
since he used it with Black in a recent game:} 17. Ne5 Bxg2 18. Kxg2 Nd7 19.
Rac1 $5 $146 {Le Quang,L (2681)-Kramnik,V (2790)/Dortmund 2010/CBM 138/[Le
Quang Liem] (1/2, 41)}) 15... Nxf4 16. Qxf4 $5 $146 (16. gxf4 {Johannessen,L 
(2538)-Sammalvuo,T (2445)/Gausdal 2004/CBM 104/[Ribli] (1-0, 36)}) 16... Bd6 ({
I assume that after} 16... Qd6 17. Ne5 Bxg2 18. Kxg2 Nd7 {he would play} 19.
Nxd7 Qxd7 20. Nd2 {, sending the knight onto a more promising route than after
Nb1-c3, with either Nb3 or Nf3.}) 17. Qh4 (17. Qe3 $5 {may be worth giving a
try. After} Nd7 18. Nbd2 {, the thematic} c5 {does not bring complete equality
after} 19. Ne4 Bxe4 20. Qxe4 $14 {and White retains the more pleasant position,
although the presence of opposite coloured bishops creates a certain drawish
tendency.}) 17... Qxh4 18. Nxh4 Bxg2 19. Kxg2 Nd7 20. Nc3 Rfd8 21. Rac1 Be7 22.
Nf3 c5 23. a4 (23. d5 $5 {looks more active, but the black queenside majority
may become dangerous later.}) 23... bxa4 24. Nxa4 cxd4 25. Rxd4 Bf6 26. Rd6 Ne5
27. Rxd8+ Rxd8 28. Nxe5 Bxe5 29. f4 Bf6 30. Rc6 Rb8 31. Rxa6 g6 32. Nc5 Rxb2
33. Kf3 Bd4 34. Nd3 {White's symbolic advantage proved impossible to convert
even for a player with such brilliant technique as Kramnik.} Rb8 35. Rd6 Bf6
36. g4 Rd8 37. Rc6 Be7 38. g5 h6 39. h4 hxg5 40. hxg5 Rd7 41. Ne5 Rb7 42. Rc8+
Kg7 43. Re8 {lthough Black's position looks ridiculously passive, the presence
of pawns on just one wing keeps the game within drawish limits.} Rc7 44. Ng4
Rb7 45. e3 Rc7 46. Ke4 Rd7 47. Nh6 Bf8 48. Rc8 Rb7 49. Kf3 Ra7 50. e4 Ra3+ 51.
Kg4 Ra7 52. Kh4 Bb4 53. Kg4 Bf8 54. Rb8 Rd7 55. Kf3 Ra7 56. e5 Ra3+ 57. Kg2
Ra2+ 58. Kg3 Ra3+ 59. Kg4 Ra7 60. Rc8 Rb7 61. Ra8 Rc7 1/2-1/2

[Event "Candidates Tournament"]
[Site "Kazan"]
[Date "2011.05.07"]
[Round "1.3"]
[White "Radjabov, Teimour"]
[Black "Kramnik, Vladimir"]
[Result "1/2-1/2"]
[WhiteElo "2744"]
[BlackElo "2785"]
[Annotator "Krasenkow,M"]
[PlyCount "65"]
[EventDate "2011.05.05"]
[EventType "k.o."]
[EventRounds "3"]
[EventCountry "RUS"]
[SourceTitle "CBM 143"]
[Source "ChessBase"]
[SourceDate "2011.07.15"]
[SourceVersion "1"]
[SourceVersionDate "2011.07.15"]
[SourceQuality "1"]

1. d4 Nf6 2. c4 e6 3. Nf3 d5 4. Nc3 Be7 5. Bg5 h6 6. Bh4 O-O 7. e3 Ne4 8. Bxe7
Qxe7 9. Rc1 c6 10. Bd3 Nxc3 11. Rxc3 dxc4 12. Bxc4 Nd7 13. Qc2 b6 14. Bd3 Nf6
$5 {[%mdl 512] A fresh idea by GM Rustam Kasimdzhanov - and probably the
easiest way to equalise!} (14... c5 {was played automatically for many decades:
} 15. Bh7+ (15. Be4 Rb8 16. O-O Ba6 (16... a5 17. Rd1 Bb7 18. Bxb7 Rxb7 19. a3
Re8 20. h3 e5 21. Qe4 Rbb8 22. dxe5 Nxe5 23. Qxe5 Qxe5 24. Nxe5 Rxe5 25. f4
Ree8 26. Kf2 Red8 27. Rxd8+ Rxd8 28. Ke2 Rc8 29. Kd3 b5 $11 {1/2 Van Wely,L 
(2681)-Azmaiparashvili,Z (2672)/Mallorca 2004/CBM 104 (48)}) 17. Rc1 Rfc8 18.
dxc5 Rxc5 19. Nd4 Rxc3 20. Qxc3 Rc8 21. Qd2 Rxc1+ 22. Qxc1 Ne5 23. Qc3 g6 24.
h3 Qd6 $2 (24... Qc5 25. Qxc5 bxc5 26. Nb3 c4 27. Nc5 Bb5 28. a4 Nd7 $1 29.
Nxd7 Bxd7 30. a5 Kf8 $11) 25. b4 {[%cal Rb4b5] 1-0 Grischuk,A (2736)-Jakovenko,
D (2736)/Moscow 2009/EXT 2010} Nd7 26. b5 Qc5 27. Qxc5 bxc5 28. bxa6 cxd4 29.
exd4 Nf6 {, and still Black should not lose}) 15... Kh8 16. Be4 Rb8 17. O-O Ba6
(17... b5 18. Rc1 b4 19. Rb3 a5 {1/2 Arutinian,D (2584)-Dobrowolski,A (2335)/
Legnica 2008/EXT 2010 (44)} 20. a4 $1 f5 21. Bc6 cxd4 22. exd4 Ba6 23. Re3 Rbc8
24. Qb3 $14 {[%csl Re6]}) (17... Bb7 18. Bxb7 Rxb7 19. Rc1 (19. dxc5 $5 Nxc5
20. b4 Na6 21. a3 $14) 19... a5 (19... cxd4 20. Nxd4 Nf6 21. Nc6 Qe8 22. e4 e5
23. b4 $16 {1-0 Pirc,V-Gawlikowski,S/Karlovy Vary 1948/MCD (43)}) 20. a3 Rd8
21. h3 Kg8 22. Rd1 g6 23. dxc5 bxc5 24. b3 Rdb8 25. a4 $14 {1-0 Zakhartsov,V 
(2602)-Grabinsky,V (2303)/Cappelle la Grande FRA 2011/The Week in Chess 852 
(37)}) (17... a5 18. Rd1 (18. Bc6 cxd4 19. Nxd4 e5 20. Bxd7 Bxd7 21. Nc6 Bxc6
22. Rxc6 Rfd8 23. Rc1 Rd6 24. g3 Rbd8 25. Qe4 Qe6 26. Kg2 {1/2 Lysyj,I (2631)
-Ovsejevitsch,S (2594)/Dresden 2010/CBM 137 Extra}) 18... Bb7 19. Bxb7 Rxb7 20.
a3 Rc8 (20... Re8 21. dxc5 Nxc5 22. Ne5 $36) 21. b4 axb4 22. axb4 Rbc7 23. Rc1
$14 {1-0 Van Wely,L (2677)-Volokitin,A (2684)/Foros 2008/CBM 125 (41)}) (17...
Nf6 $5 18. dxc5 Nxe4 19. Qxe4 bxc5 20. Qc2 Bb7 21. Nd2 Rfd8 22. f3 Ba6 23. Rf2
Rd7 24. Nb3 Rbd8 25. Rd2 Rxd2 26. Nxd2 Qd7 27. Ne4 Qb5 28. Ng3 Qd7 29. Ne4 Qb5
30. Ng3 Qd7 {1/2 Dydyshko,V (2555)-Kriebel,T (2296)/Frydek Mistek CZE 2011/The
Week in Chess 860}) 18. Rc1 Rfc8 19. h3 Kg8 20. Qa4 Bb7 21. Bxb7 Rxb7 22. Qb5
Rbc7 23. b4 Qd6 24. bxc5 bxc5 25. dxc5 Nxc5 $11 {1/2 Sakaev,K (2634)-Lysyj,I 
(2578)/Krasnoyarsk 2007/CBM 120 (36)}) 15. Rxc6 (15. e4 Bb7 16. O-O Rac8 $11 {
[%cal Yc6c5,Gb7e4]}) 15... Nd5 16. Qb3 Nb4 17. Rc1 Nxd3+ 18. Qxd3 Bb7 {That's
the point. Black's development advantage compensates for his material deficit.}
19. O-O (19. a3 $5 {, with the idea not to give up the a2-pawn, can be met with
} a5 $5 {preventing castling.}) 19... Bxf3 20. gxf3 Qg5+ 21. Kh1 {Draw agreed
in the stem game Van Wely - Kasimdzhanov (Khanty-Mansiysk 2010).} Qd5 22. Qe4
Qxa2 {Black has regained the pawn; White has insufficient resources to create
a dangerous attack along the g-file.} 23. Rg1 Rfc8 24. Qb7 (24. Rcf1 Qd5) 24...
Rf8 25. Rc7 Qxb2 (25... Rad8 $6 26. Qe4 Qd5 27. Rxa7) 26. Rxf7 Rxf7 27. Qxa8+
Kh7 28. Qe8 Rc7 29. Qxe6 Qxf2 30. Qe4+ Kg8 31. Qe8+ Kh7 32. Qe4+ Kg8 33. Qe8+ (
33. h3 $5 {[%cal Yg1g2] was a way to continue fighting but after} Qc2 34. Qe8+
Kh7 35. d5 Qf5 (35... Qc5 $5) 36. Qe4 Qxe4 37. fxe4 Re7 $1 38. d6 Re8 $1 {
the rook ending proves to be drawn.}) 1/2-1/2

[Event "Candidates Tournament"]
[Site "Kazan"]
[Date "2011.05.08"]
[Round "1.4"]
[White "Kramnik, Vladimir"]
[Black "Radjabov, Teimour"]
[Result "1/2-1/2"]
[WhiteElo "2785"]
[BlackElo "2744"]
[Annotator "Marin,M"]
[PlyCount "55"]
[EventDate "2011.05.05"]
[EventType "k.o."]
[EventRounds "3"]
[EventCountry "RUS"]
[SourceTitle "CBM 143"]
[Source "ChessBase"]
[SourceDate "2011.07.15"]
[SourceVersion "1"]
[SourceVersionDate "2011.07.15"]
[SourceQuality "1"]

1. d4 d5 2. c4 e6 3. Nf3 Be7 4. Nc3 Nf6 5. Bf4 O-O 6. e3 Nbd7 7. a3 c5 8. cxd5
Nxd5 9. Nxd5 exd5 10. dxc5 Nxc5 11. Be5 {In order to get a stable blockade on
d4 White needs to spend time on relocating his bishop.} Bf6 12. Be2 Bxe5 13.
Nxe5 Be6 14. Nf3 Qb6 15. Qd4 Rfc8 16. O-O $146 (16. Rd1 Rc6 $5 (16... Nb3 17.
Qxb6 axb6 18. Nd4 Nxd4 19. Rxd4 Rc1+ 20. Bd1 $14 {Wojtaszek,R (2721)-Berkes,F 
(2693)/Paks 2011/ (1-0, 39)}) 17. O-O Nb3 18. Qh4 (18. Qxb6 Rxb6 $132) 18... h6
19. Bd3 Rac8 20. h3 a5 $11 {Georgiev,K (2672)-Meier,G (2653)/Pamplona 2009/CBM
134 (1/2, 25)}) 16... Nb3 (16... Rc6 17. Rac1 Nb3 18. Qxb6 axb6 (18... Rxb6 $6
19. Rc7 $14) 19. Rb1 Rac8 $132) 17. Qxb6 axb6 {In view of the unstoppable
invasion on c2, Black has entirely adequate counterplay, compensating for the
structural defects.} 18. Rab1 (18. Rad1 Rc2) 18... Bf5 19. Rbd1 Rc2 20. Rxd5
Rxb2 21. Re1 Be6 22. Rb5 Rxa3 23. Rxb6 Raa2 24. Rxb7 g5 25. Bf1 h6 26. Nd4 Nxd4
27. Rxb2 Rxb2 28. exd4 1/2-1/2

[Event "Candidates Tournament playoff rapid"]
[Site "Kazan"]
[Date "2011.05.09"]
[Round "1.5"]
[White "Kramnik, Vladimir"]
[Black "Radjabov, Teimour"]
[Result "1/2-1/2"]
[WhiteElo "2785"]
[BlackElo "2744"]
[Annotator "Marin,M"]
[PlyCount "153"]
[EventDate "2011.05.09"]
[EventType "k.o. (rapid)"]
[EventRounds "4"]
[EventCountry "RUS"]
[SourceTitle "CBM 143"]
[Source "ChessBase"]
[SourceDate "2011.07.15"]
[SourceVersion "1"]
[SourceVersionDate "2011.07.15"]
[SourceQuality "1"]

1. d4 d5 2. c4 e6 3. Nf3 Be7 4. Nc3 Nf6 5. Bg5 h6 6. Bxf6 Bxf6 7. Rc1 O-O 8. e3
c6 9. Bd3 Nd7 10. O-O dxc4 11. Bxc4 e5 12. d5 $5 ({Decades ago, Kasparov
managed to cause a lot of headache to Karpov with the then unexplored} 12. h3
exd4 13. exd4 Nb6 14. Bb3 {. Nowadays, there are tons of theory in this
variation.}) 12... Nb6 13. b3 $5 {Almost a novelty.} ({In the event of the
more natural} 13. Bb3 {, White has to reckon with ...e5-e4.}) 13... Bf5 14.
dxc6 bxc6 15. e4 Bg4 16. Be2 Bxf3 $146 {Only this is new, with respect to a
game played by correspondence.} (16... Qe7 {Malmstroem,J (1909)-Kuhne,D (2009)/
DESC email 2001/Corr 2004 (1/2, 56)}) 17. Bxf3 Be7 18. Qc2 Bb4 19. Bg4 Ba3 20.
Rcd1 Qe7 21. Nb1 $1 {The knight is heading for f3. A similar manoeuvre
provoked amazement in a famous game Karpov-Spassky, ages ago.} Bc5 22. Nd2 Bb4
23. Nf3 Qf6 24. Rd3 Rfd8 25. Rfd1 Rxd3 26. Qxd3 $14 {White has the better
structure and controls the only open file. His advantage is stable, but not
easy to increase. Kramnik was not able to exploit the presence of
opposite-coloured bishops to create a mating attack, but the same factor
served Radjabov quite well in his bid to achieve a draw in the endgame.} g6 27.
h4 h5 28. Bh3 Re8 29. g3 Qe7 30. Kg2 Qc5 31. Ng5 Kg7 32. Qe2 Qe7 33. Qc2 Qc7
34. Qc1 Be7 35. a4 Rd8 36. Rxd8 Bxd8 37. Nf3 f6 38. g4 hxg4 39. Bxg4 Nd7 40. h5
Nf8 41. Qc4 gxh5 42. Bxh5 Qd7 43. Kg3 Bb6 44. Nh4 Kh8 45. Qf7 Qxf7 46. Bxf7 Kg7
47. Bc4 Bc5 48. f3 Ng6 49. Nf5+ Kf8 50. Kg4 Ne7 51. Ng3 Kg7 52. Be6 Bb4 53.
Nh5+ Kg6 54. f4 exf4 55. Nxf4+ Kg7 56. Bc4 Bd6 57. Ne6+ Kg6 58. a5 Bb4 59. a6
Bd6 60. Nd4 Be5 61. Nf3 Bd6 62. Be6 Kh6 63. Bd7 Kg7 64. Nd4 Be5 65. Ne6+ Kh6
66. Nd8 Bc7 67. Ne6 Bd6 68. Nd4 Be5 69. Nf3 Bd6 70. Nd2 Kg7 71. Nc4 Bc5 72. Kf4
Bb4 73. Ke3 Bc5+ 74. Kd3 Ng6 75. Bxc6 Ne5+ 76. Nxe5 fxe5 77. Kc4 1/2-1/2

[Event "Candidates Tournament playoff rapid"]
[Site "Kazan"]
[Date "2011.05.09"]
[Round "1.6"]
[White "Radjabov, Teimour"]
[Black "Kramnik, Vladimir"]
[Result "1/2-1/2"]
[WhiteElo "2744"]
[BlackElo "2785"]
[Annotator "Marin,M"]
[PlyCount "77"]
[EventDate "2011.05.09"]
[EventType "k.o. (rapid)"]
[EventRounds "4"]
[EventCountry "RUS"]
[SourceTitle "CBM 143"]
[Source "ChessBase"]
[SourceDate "2011.07.15"]
[SourceVersion "1"]
[SourceVersionDate "2011.07.15"]
[SourceQuality "1"]

1. d4 Nf6 2. c4 e6 3. Nf3 d5 4. Nc3 Be7 5. Bf4 O-O 6. e3 Nbd7 7. c5 Nh5 8. Bd3
Nxf4 9. exf4 b6 10. b4 a5 11. a3 c6 12. O-O Qc7 13. g3 Ba6 14. Bxa6 {A draw
was agreed in this position in the sixth (rapid) Grischuk-Kramnik game. In the
eighth game they were even faster, sealing the same result after 8.Bd3.} ({
The eighth game deviated with} 14. Kg2 Bf6 15. Bxa6 Rxa6 16. Qc2 Rfa8 17. Rab1
axb4 18. axb4 Ra3 19. Rb3 Rxb3 20. Qxb3 Qb7 21. Rb1 h6 22. h4 h5 23. Ne5 {
1/2 Radjabov,T (2744)-Kramnik,V (2785)/Kazan 2011}) 14... Rxa6 15. Qe2 Rfa8 16.
Rab1 axb4 17. axb4 Bf6 18. Rfc1 Ra3 19. Qe1 bxc5 20. bxc5 Qa5 21. Ne5 Nxe5 22.
fxe5 Bg5 23. Rc2 Bd8 24. Kg2 h6 25. h4 Qa6 26. Qd1 Ra1 27. Rcb2 Rxb1 28. Qxb1
Qc4 29. Ne2 Be7 30. Kf1 Bf8 31. Rb4 Ra1 32. Qxa1 Qxb4 33. Qa6 Qb1+ 34. Kg2 Qe4+
35. Kf1 Qh1+ 36. Ng1 Qe4 37. Ne2 Qh1+ 38. Ng1 Qe4 39. Ne2 1/2-1/2